U.S State with the Most 1M+ Counties - Statistics

General Stats
  • This quiz has been taken 69 times
  • The average score is 8 of 9
Answer Stats
# State % Correct
9 California
98%
5 Florida
97%
6 Texas
97%
6 New York
95%
2 Ohio
89%
2 North Carolina
88%
2 Arizona
86%
2 Pennsylvania
86%
2 Michigan
83%
No matching quizzes found
Score Distribution
Percent of People with Each Score
Percentile by Number Answered
Your Score History
You have not taken this quiz